000 00997na a2200313 4500
001 23444
003 MIRAKIL
005 20181213155034.0
008 170928b tu 000 0
020 _a9786056672835
040 _aMilas
_btur
_cTR-AnCHP
041 _atur
082 _a956.9304
_bA24k 2017
090 _a956.9304 A24k 2017
100 _aAdıgüzel, M. Bahattin
245 _aKıbrıs Tarihi
_bKıbrıs barış harekatı ve sonrası
_cM.Bahattin Adıgüzel
246 _aKıbrıs barış harekatı ve sonrası
260 _aAnkara
_bMavi Dünya yayınları
_c2017
300 _a359 s.
_bhrt.; şkl.; tbl.
_c24 sm.
440 _aMavi Dünya Yayınları
_v4
504 _aKaynakça var.
650 _aKıbrıs Barış Harekatı
650 _aTürkler
_xTarih
_zKıbrıs
650 _aKıbrıs tarihi
_xKıbrıs krizi
651 _aKıbrıs
_xEtnik ilişkiler
_yTürkler
651 _aKıbrıs
_xTarih
740 _aKıbrıs barış harekatı ve sonrası
942 _2ddc
_cBKS
999 _c5344
_d5344